Nutrición y deporte

Saved in:
Bibliographic Details
Main Author: Odriozola, José M. (autor)
Format: Book
Language:Spanish
Published: Madrid Eudema 1992
Subjects:
Tags: Add Tag
No Tags, Be the first to tag this record!

MARC

LEADER 00000nam a2200000 a 4500
001 UCX7827
003 CL-VaPUC
008 940106e19920000SP |||||||||||||||||spa|d
082 0 4 |a 613.2  |b ODR  |2 21 
100 |a Odriozola, José M.  |e autor  |9 324742 
245 1 0 |a Nutrición y deporte 
300 |a 166 p 
942 |c BK 
945 |d 19940106 00:00:00  |a rbrito 
260 |a Madrid  |b Eudema  |c 1992 
650 0 |a Nutrición   |9 259434 
650 7 |a NUTRICION DE ATLETAS  |2 CL-VaPUC  |9 308123 
650 0 |a Medicina deportiva  |9 307562 
583 |a last modification  |c 19940106 00:00:00  |k Rodrigo Vera 
999 |c 227521  |d 227519 
952 |0 0  |1 0  |4 0  |6 613_200000000000000_ODR_1992  |7 0  |8 A  |9 226619  |a BIBEDU  |b BIBEDU  |c ES_NOD  |d 2019-11-15  |i 2947528  |o 613.2 ODR 1992  |p 2947528  |r 2023-08-09  |w 2019-11-15  |y BK  |k EFI